|
|
|
|
| LEADER |
00000nas a22000001a 4500 |
| 001 |
vtls010301030 |
| 003 |
SK-MaSNL |
| 005 |
20260228162922.0 |
| 008 |
110810d19461946xo wr p r 0 b0slo |
| 015 |
|
|
|a SNBDS17XX9999
|
| 015 |
|
|
|a 0055
|2 Balúnová 1945-60
|
| 038 |
|
|
|a SNKBUDS
|
| 040 |
|
|
|a SNK
|b slo
|c SNK
|e AACR2
|
| 041 |
0 |
|
|a slo
|a cze
|
| 044 |
|
|
|a xo
|c SK
|
| 080 |
|
|
|a 323.2
|2 2001
|
| 245 |
0 |
0 |
|a Bojovník za východné Slovensko
|
| 260 |
|
|
|a Košice
|b Oddelenie výchovy a osvety (bližšie neurčenej voj. jednotky)
|c 1946
|
| 300 |
|
|
|a 5 čís.
|c 23 x 31 cm
|
| 310 |
|
|
|a 1x týždenne
|
| 362 |
0 |
|
|a Č. 1 (21.4.1946)-č. 5 (23.5.1946)
|
| 500 |
|
|
|a Vych. v Košiciach týždenne
|
| 500 |
|
|
|a Zodp. red. Teodor Fiš, od 5 (23. máj 1946) Samuel Strcula
|
| 500 |
|
|
|a Vyd. Oddelenie výchovy a osvety (bližšie neurčenej voj. jednotky)
|
| 500 |
|
|
|a Tlač. Kníhtlačiareň Nakl. družstva s.r.o. v Prešove
|
| 500 |
|
|
|a Vych. od 21. apr. 1946; posl. č. 5 z 23. mája 1946
|
| 505 |
8 |
0 |
|g Roč. 1946 5 č. po 2-4 s.
|
| 546 |
|
|
|a Príspevky aj v českom jazyku
|
| 650 |
0 |
7 |
|a hnutie odporu
|2 SNKBUDS
|9 83610
|
| 655 |
|
7 |
|a odbojárske časopisy
|2 SNKBUDS
|9 272503
|
| 700 |
1 |
|
|a Fiš, Teodor,
|d 1912-
|4 pbd
|9 40202
|
| 700 |
1 |
|
|a Strcula, Samuel
|4 pbd
|9 272504
|
| 710 |
2 |
|
|a Nakladateľské družstvo (Prešov, Slovensko)
|4 prt
|9 269010
|
| 852 |
|
|
|a SNK
|b 10000
|h ČSB 431
|
| 852 |
|
|
|a UKB
|b 300000
|h SB 828
|
| 999 |
|
|
|c 8554
|d 10484
|
| 952 |
|
|
|0 0
|1 0
|4 0
|7 0
|a SNK
|b SNK
|d 1997-03-05
|l 0
|o snkČSB 431/1946
|p 17A0053988
|r 2005-01-02 00:00:00
|w 2026-02-21
|y PREZ
|